Normal view
MARC view
- Callwell, C.E
Entry Personal Name
001 - CONTROL NUMBER
- control field: 49281
003 - CONTROL NUMBER IDENTIFIER
- control field: NUST
005 - DATE AND TIME OF LATEST TRANSACTION
- control field: 20210314134308.0
008 - FIXED-LENGTH DATA ELEMENTS
- fixed length control field: 210314|| aca||aabn | a|a d
040 ## - CATALOGING SOURCE
- Original cataloging agency: NUST
- Transcribing agency: NUST
100 ## - HEADING--PERSONAL NAME
- Personal name: Callwell, C.E
670 ## - SOURCE DATA FOUND
- Source citation: Work cat.: (NUST): Callwell, C.E, Field-Marshal Sir Henry Wilson, 1927
